Tribhuvan University Central Library

Anusandhan paddati (Record no. 81419)

MARC details
000 -LEADER
fixed length control field 00498nam a22001937a 4500
008 - FIXED-LENGTH DATA ELEMENTS--GENERAL INFORMATION
fixed length control field 170907b xxu||||| |||| 00| 0 eng d
041 ## - LANGUAGE CODE
Language code of text/sound track or separate title Nep.
082 ## - DEWEY DECIMAL CLASSIFICATION NUMBER
Classification number N001.42/A618a
100 ## - MAIN ENTRY--PERSONAL NAME
Personal name Adhikari, Rajkumar
245 ## - TITLE STATEMENT
Title Anusandhan paddati
250 ## - EDITION STATEMENT
Edition statement 2nd ed.
260 ## - PUBLICATION, DISTRIBUTION, ETC.
Place of publication, distribution, etc. Kathmandu:
Name of publisher, distributor, etc. Januka Prakashan,
Date of publication, distribution, etc. 2010
300 ## - PHYSICAL DESCRIPTION
Extent 256p. illus
504 ## - BIBLIOGRAPHY, ETC. NOTE
Bibliography, etc. note Bibliography at the end
650 ## - SUBJECT ADDED ENTRY--TOPICAL TERM
Topical term or geographic name entry element Research
650 ## - SUBJECT ADDED ENTRY--TOPICAL TERM
Topical term or geographic name entry element Research methodology
650 ## - SUBJECT ADDED ENTRY--TOPICAL TERM
Topical term or geographic name entry element Research design
9 (RLIN) 1324
942 ## - ADDED ENTRY ELEMENTS (KOHA)
Source of classification or shelving scheme Dewey Decimal Classification
Koha item type Closed Section
Holdings
Withdrawn status Lost status Source of classification or shelving scheme Damaged status Not for loan Home library Current library Shelving location Date acquired Total Checkouts Full call number Barcode Date last seen Price effective from Koha item type Total Renewals Date last checked out Date due
    Dewey Decimal Classification     Tribhuvan University Central Library Tribhuvan University Central Library New Building 09/07/2017   001.42/A618a G78468 09/07/2017 09/07/2017 General Collections      
    Dewey Decimal Classification     Tribhuvan University Central Library Tribhuvan University Central Library   09/07/2017   001.42/A618a G78467 09/07/2017 09/07/2017 General Collections      
    Dewey Decimal Classification     Tribhuvan University Central Library Tribhuvan University Central Library   09/07/2017 5 001.42/A618a G78469 04/11/2025 09/07/2017 General Collections 4 03/26/2025  
    Dewey Decimal Classification     Tribhuvan University Central Library Tribhuvan University Central Library New Building 09/07/2017 4 001.42/A618a G78470 08/25/2024 09/07/2017 General Collections 1 06/25/2024  
    Dewey Decimal Classification     Tribhuvan University Central Library Tribhuvan University Central Library New Building 09/07/2017   001.42/A618a G78471 09/07/2017 09/07/2017 General Collections      
    Dewey Decimal Classification     Tribhuvan University Central Library Tribhuvan University Central Library New Building 09/07/2017 4 001.42/A618a G78472 08/15/2025 09/07/2017 General Collections 1 08/15/2025 11/13/2025
    Dewey Decimal Classification     Tribhuvan University Central Library Tribhuvan University Central Library New Building 09/07/2017 1 001.42/A618a G78486 01/04/2023 09/07/2017 General Collections   12/27/2022  
    Dewey Decimal Classification     Tribhuvan University Central Library Tribhuvan University Central Library New Building 09/07/2017 7 001.42/A618a G78487 08/27/2024 09/07/2017 General Collections 1 08/15/2024  
    Dewey Decimal Classification     Tribhuvan University Central Library Tribhuvan University Central Library New Building 09/07/2017 1 001.42/A618a G78488 12/07/2023 09/07/2017 General Collections   07/24/2023  
    Dewey Decimal Classification     Tribhuvan University Central Library Tribhuvan University Central Library New Building 09/07/2017 3 001.42/A618a G78489 08/14/2024 09/07/2017 General Collections 1 08/07/2024  
    Dewey Decimal Classification     Tribhuvan University Central Library Tribhuvan University Central Library New Building 09/07/2017 3 001.42/A618a G78490 02/01/2023 09/07/2017 General Collections   01/03/2023